000 01239cam a2200325 a 4500
999 _c2109
_d2109
001 4850620
003 GZU
005 20201027142504.0
008 910226s1992 enkab b 001 0 eng
010 _a 91010872
020 _a0415069858
040 _aDLC
_cDLC
_dDLC
043 _ap------
_aa------
050 0 0 _aHC681
_b.DRA 1991
100 2 _aDrakakis-Smith, D. W.
_eauthor
245 1 0 _aPacific Asia /
_cDavid Drakakis-Smith.
260 _aLondon ;
_aNew York :
_bRoutledge,
_c1992.
300 _axii, 220 p. :
_bill., maps ;
_c21 cm.
440 0 _aRoutledge introductions to development
500 _aJohn Bale and David Drakakis-Smith (Series editors)
504 _aIncludes bibliographical references (p. [210]-217) and index.
651 0 _aPacific Area
_xEconomic policy.
651 0 _aPacific Area
_xEconomic conditions.
651 0 _aAsia
_xEconomic policy.
651 0 _aAsia
_xEconomic conditions
_y1945-
856 4 2 _3Publisher description
_uhttp://www.loc.gov/catdir/enhancements/fy0648/91010872-d.html
906 _a7
_bcbc
_corignew
_d1
_eocip
_f19
_gy-gencatlg
942 _2lcc
_cBK
_h681
_iDRA
_kHC